Missing Word: 17th Century A-Z Quiz Stats

 Plays Quiz Updated Aug 6, 2016

Challenge
Share
Tweet
Embed
Score 0/26 Timer 04:00
0 Plays Today
Hint Answer % Correct
Isaac ____ - scientistNewton
96.2%
English ____ of Rights - 1689Bill
94%
Thirty ____ War - 1618-1648Years'
93.9%
____ Witch Trials - 1692Salem
93.6%
____ Dynasty - 1368-1644Ming
92.4%
Paradise ____ - published 1667Lost
91.1%
Great ____ of London - 1666Fire
90.9%
____ Cromwell - Lord ProtectorOliver
90%
Don ____ - published 1605Quixote
87.4%
____ Galilei - scientistGalileo
86.5%
____ Locke - philosopherJohn
86.4%
Pope ____ VIIIUrban
67%
____ Greco - painterEl
65%
Hint Answer % Correct
____ Wren - architectChristopher
63.3%
Johannes ____ - astronomerKepler
59.5%
Pope Gregory ____XV
53.8%
Peter Paul ____ - painterRubens
53.7%
Gustavus ____ - King of SwedenAdolphus
42.6%
Defenestration of ____ - 1618Prague
40.4%
____ Jones - architectInigo
23.7%
____ Golden AgeDutch
21.3%
Peace of ____ - 1648Westphalia
21%
Frans ____ - painterHals
19.5%
Lope de ____ - playwrightVega
18.9%
____ Shogunate - 1600-1868Tokugawa
14.2%
Francisco ____ - painterZurbarán
4.4%

Today's Daily Dose

You're not logged in!

Compare scores with friends on all Sporcle quizzes.
Join for Free
OR
Log In

You Might Also Like...

Show Comments

Extras

Top Quizzes Today


Score Distribution

Your Account Isn't Verified!

In order to create a playlist on Sporcle, you need to verify the email address you used during registration. Go to your Sporcle Settings to finish the process.

Report this User

Report this user for behavior that violates our Community Guidelines.

Details: